00606cam a22002171 4500001001300000003000400013005001700017008004100034010001700075035002000092040004000112042001200152050001700164100001800181245003100199260004700230300005600277490001800333651002200351999001500373af 47003928 DLC20260227110822.0961014s1943 be fh 000 0 dut c aaf 47003928  a(OCoLC)35731173 aStanford Univ. LibrarycNNdNNdDLC apremarc00aDH811.T5bR61 aRock, Robert.10aTienen;bmet 16 platen ... aBrussel,bN. v. Kunstkringuitgavenc[1943] a81 p., 3 l.b16 pl. (incl. facsim.) on 8 l.c18 cm.0 a"Onze steden" 0aTienen (Belgium). c2397d2397